[Event "Challenge"]
[Site "http://www.queenalice.com/game.php?id=581988"]
[Date "2009.5.3"]
[Round "-"]
[White "MRSANTIAGO"]
[Black "lnxslack"]
[Result "0-1"]
[WhiteElo "1033"]
[BlackElo "1100"]

1. e4 Nf6 2. d3 Nc6 3. Nc3 d5 4. f3 d4 5. Na4 e5 6. b3 b5 7. Nc5 Bxc5 8. a4 b4
9. g3 h6 10. Qe2 g5 11. a5 a6 12. h4 g4 13. f4 h5 14. Ra4 Bd7 15. fxe5 Nxe5 16.
Bf4 Ng6 17. c3 Nxf4 18. gxf4 Bxa4 19. Qa2 Bc6 20. cxb4 Bxb4+ 21. Kd1 Bb5 22. Rh2
c5 23. e5 Qe7 24. exf6 Qe1+ 25. Kc2 Qxf1 26. Rh1 Bxd3+ 27. Kb2 Qf2+ 28. Ka1 Qe1+
29. Qb1 Qxb1# 0-1

[Event "Escorado"]
[Site "http://www.queenalice.com/game.php?id=587812"]
[Date "2009.5.13"]
[Round "-"]
[White "kabbal"]
[Black "lnxslack"]
[Result "1/2-1/2"]
[WhiteElo "1685"]
[BlackElo "1100"]

1. d4 d5 2. c4 dxc4 3. Nf3 f6 4. e3 b5 5. a4 Ba6 6. axb5 Bxb5 7. Bxc4 Bxc4 8.
Qa4+ Nd7 9. Qxc4 Rb8 10. Rxa7 Nb6 11. Qxc7 Qxc7 12. Rxc7 Nd5 13. Rc4 e6 14. O-O
Nb4 15. Rd1 Ne7 16. Nc3 Ned5 17. e4 Nb6 18. Rc7 Rg8 19. Bf4 Nd7 20. Rxd7 Rb6 21.
Ra7 g5 22. Be3 h6 23. d5 Ra6 24. Rxa6 Nxa6 25. d6 Kd7 26. e5 g4 27. Ne1 fxe5 28.
Ne4 Rg6 29. Nc5+ Nxc5 30. Bxc5 Bg7 31. b4 e4 32. b5 Rg5 33. Rc1 Bf8 34. Rc4 Rd5
35. Be3 Rxb5 36. Rxe4 h5 37. Bf4 Bxd6 38. Rd4 e5 39. Rxd6+ Kxd6 40. Be3 e4 41.
Kf1 Rb2 42. f3 gxf3 43. gxf3 Kd5 44. fxe4+ Kxe4 45. Bf2 Rd2 46. Kg2 Kf4 47. Nf3
Rb2 48. Nh4 Kg5 49. Nf3+ Kg4 50. h3+ Kf4 1/2-1/2

[Event "Francesinha"]
[Site "http://www.queenalice.com/game.php?id=587813"]
[Date "2009.5.13"]
[Round "-"]
[White "lnxslack"]
[Black "kabbal"]
[Result "0-1"]
[WhiteElo "1100"]
[BlackElo "1667"]

1. e4 e6 2. d4 d5 3. e5 c5 4. Bb5+ Bd7 5. a4 Bxb5 6. axb5 Qb6 7. Nf3 Qxb5 8. Nc3
Qc6 9. Be3 Nd7 10. O-O Nb6 11. b3 cxd4 12. Nxd4 Qxc3 13. Nb5 Qc6 14. Nxa7 Rxa7
15. Rxa7 Nc8 16. Ra8 b6 17. Qa1 Bc5 18. Bxc5 bxc5 19. Qa7 Ne7 20. Ra1 O-O 21.
Ra6 Nxa7 0-1

[Event "Challenge"]
[Site "http://www.queenalice.com/game.php?id=587828"]
[Date "2009.5.13"]
[Round "-"]
[White "montelo"]
[Black "lnxslack"]
[Result "0-1"]
[WhiteElo "1704"]
[BlackElo "1100"]

1. e4 Nf6 2. Nc3 d5 3. e5 Ne4 4. Nxe4 dxe4 5. c3 Nc6 6. f4 exf3 7. Bb5 fxg2 8.
Bxc6+ bxc6 9. Qf3 gxh1=Q 10. Qxh1 Bb7 11. Qe4 e6 12. d4 Qd5 13. Qc2 c5 14. Ne2
Qh1+ 15. Kd2 cxd4 16. cxd4 Bb4+ 17. Ke3 Qf3# 0-1

[Event "Round 1"]
[Site "http://www.queenalice.com/game.php?id=588843"]
[Date "2009.5.15"]
[Round "-"]
[White "Mr_SPOCK"]
[Black "lnxslack"]
[Result "0-1"]
[WhiteElo "1523"]
[BlackElo "1174"]

1. e4 Nf6 2. e5 Nd5 3. Bc4 Nb6 4. Bb3 Nc6 5. Qf3 Nxe5 6. Qf4 d6 7. d4 Nec4 8.
Nd2 d5 9. Nxc4 dxc4 10. Bxc4 Nxc4 11. Nf3 g6 12. Ng5 Nd6 13. b3 f5 14. Qe5 Rg8
15. Qd5 Rg7 16. O-O c6 17. Qf3 h6 18. Nh3 g5 19. Qd3 Bd7 20. a4 Qc7 21. Be3 f4
22. Bd2 Bf5 23. Qf3 g4 24. Qxf4 gxh3 25. g3 Rg4 26. Qe5 Bg7 27. Qc5 Bxd4 28. Qa3
Ne4 29. Be3 Bxe3 30. a5 Rxg3+ 31. Kh1 Rg2 32. f4 Nf2+ 33. Rxf2 Be4 34. Rg1 Rxf2+
35. Rg2 Rf1# 0-1

[Event "na cadeia"]
[Site "http://www.queenalice.com/game.php?id=590507"]
[Date "2009.5.18"]
[Round "-"]
[White "lnxslack"]
[Black "kabbal"]
[Result "0-1"]
[WhiteElo "1224"]
[BlackElo "1703"]

1. e4 e6 2. d4 d5 3. e5 c5 4. Nf3 Nc6 5. Bb5 Qb6 6. Nc3 Bd7 7. Bxc6 Bxc6 8. O-O
cxd4 9. Qxd4 Bc5 10. Qg4 g6 11. a3 a5 12. Na4 Bxa4 13. Qxa4+ Qc6 14. Qxc6+ bxc6
15. Be3 Bxe3 16. fxe3 Ne7 17. b4 O-O 18. c3 axb4 19. axb4 Nf5 20. Kf2 Rfc8 21.
g4 Ne7 22. Ra5 Rxa5 23. bxa5 c5 24. Ra1 Nc6 25. a6 Ra8 26. Nd2 Nb8 27. a7 Nc6
28. Ra6 Nxe5 29. h3 Kf8 30. Nb3 Nd3+ 31. Ke2 c4 32. Nd4 Nc5 33. Ra3 Ke7 34. Nc6+
Kd7 35. Ne5+ Ke7 36. Ra5 Ne4 37. Kf3 Nxc3 38. Nc6+ Kd6 39. Nd4 Ne4 40. Ra6+ Kc7
41. Ra4 Kb6 42. Rb4+ Kxa7 43. Nc6+ Ka6 44. Ke2 Rc8 45. Nb8+ Ka5 46. Rb7 c3 47.
Kd1 c2+ 48. Kc1 Nf2 49. Nd7 Nd3+ 50. Kd2 c1=Q+ 51. Kxd3 Qc2+ 0-1

[Event "peaozinho?"]
[Site "http://www.queenalice.com/game.php?id=590508"]
[Date "2009.5.18"]
[Round "-"]
[White "kabbal"]
[Black "lnxslack"]
[Result "1-0"]
[WhiteElo "1701"]
[BlackElo "1174"]

1. d4 d5 2. c4 c6 3. Nf3 Bf5 4. cxd5 cxd5 5. Qb3 Qc7 6. Nc3 e6 7. e3 Nf6 8. Bd2
a6 9. Rc1 Nc6 10. Na4 Nd7 11. Be2 b5 12. Nc5 Nxc5 13. dxc5 Rb8 14. Nd4 Be4 15.
O-O Ne5 16. Qc3 b4 17. Qb3 a5 18. Qa4+ Nd7 19. Bb5 Rb7 20. Bxd7+ Kd8 21. Bxe6
Bd3 22. Bxd5 Bxf1 23. Bxb7 Qxb7 24. Qxa5+ Ke7 25. Kxf1 1-0

[Event "Challenge"]
[Site "http://www.queenalice.com/game.php?id=590743"]
[Date "2009.5.19"]
[Round "-"]
[White "Nica_Pinica"]
[Black "lnxslack"]
[Result "0-1"]
[WhiteElo "1304"]
[BlackElo "1130"]

1. d3 e5 2. Nc3 d5 3. Nf3 Nc6 4. e4 d4 5. Nd5 Bg4 6. Be2 Bxf3 7. Bxf3 h6 8. O-O
Nf6 9. c3 g5 10. cxd4 Nxd4 11. Qa4+ c6 12. Bd2 b5 13. Qa6 cxd5 14. exd5 Nxf3+
15. gxf3 Qb6 16. Qa5 Nxd5 17. Rfe1 f6 18. Re4 Bc5 19. Rae1 Kf7 20. b4 Qxa5 21.
bxa5 b4 22. Rc4 Rhc8 23. a3 bxa3 24. Rb1 Ke6 25. a6 Bb6 26. Rg4 Rc2 27. Rd1 Nf4
28. h4 h5 29. hxg5 hxg4 30. gxf6 gxf3 31. d4 Bxd4 32. Kh2 Bxf2 33. Bb4 Rh8# 0-1

[Event "Challenge"]
[Site "http://www.queenalice.com/game.php?id=591672"]
[Date "2009.5.21"]
[Round "-"]
[White "lnxslack"]
[Black "lala"]
[Result "1-0"]
[WhiteElo "1437"]
[BlackElo "1511"]

1. e4 Nc6 2. d4 e6 3. Nf3 g6 4. d5 Bb4+ 5. c3 Be7 6. dxc6 bxc6 7. Bc4 Bf6 8. h4
h6 9. e5 Bg7 10. Qe2 d6 11. Bf4 d5 12. Bb3 Ne7 13. Nbd2 O-O 14. Rd1 a5 15. a3
Ba6 16. c4 Nc8 17. Qe3 Nb6 18. O-O a4 19. Ba2 f6 20. Rfe1 g5 21. hxg5 fxg5 22.
Bg3 Rb8 23. Nd4 Qe8 24. c5 Nd7 25. b4 axb3 26. N4xb3 Qg6 27. Bb1 Qf7 28. Na5 Bb5
29. Bd3 Ba4 30. Rb1 Ra8 31. Nab3 Qe7 32. Rec1 Bb5 33. Ra1 h5 34. Nf3 Bh6 35.
Nfd4 Ba4 36. Nd2 Nxc5 37. Nxc6 Bxc6 38. Qxc5 Qf7 39. Qxc6 Rac8 40. Rf1 h4 41.
Bh2 g4 42. Nb3 g3 43. fxg3 Be3+ 44. Kh1 Qh5 45. Qxe6+ Kh8 46. Rf5 Bg5 47. Raf1
hxg3 48. Rxf8+ Rxf8 49. Rxf8+ Kg7 50. Rg8# 1-0

[Event "Round 2 :("]
[Site "http://www.queenalice.com/game.php?id=592092"]
[Date "2009.5.22"]
[Round "-"]
[White "lnxslack"]
[Black "Mr_SPOCK"]
[Result "1-0"]
[WhiteElo "1224"]
[BlackElo "1548"]

1. e4 e5 2. Nf3 d6 3. Bc4 Nf6 4. Nc3 Bg4 5. Bxf7+ Kxf7 6. Nd5 Nxe4 7. d3 c6 8.
dxe4 cxd5 9. Ng5+ Kg8 10. Qxg4 g6 11. Qe6+ Kg7 12. Qf7+ Kh6 13. Ne6+ Kh5 14.
Qf3+ Kh4 15. Qh3# 1-0

[Event "Let's Play Chess!"]
[Site "http://www.queenalice.com/game.php?id=592623"]
[Date "2009.5.23"]
[Round "-"]
[White "lnxslack"]
[Black "egs19690901"]
[Result "1-0"]
[WhiteElo "1387"]
[BlackElo "1601"]

1. e4 e5 2. Nf3 Nc6 3. Bb5 Nh6 4. Bxc6 dxc6 5. Nxe5 Qg5 6. d4 Qxg2 7. Qf3 Qxf3
8. Nxf3 Bg4 9. Ne5 Be6 10. Bxh6 gxh6 11. Nc3 f6 12. Nd3 O-O-O 13. Ne2 f5 14.
Ndf4 Bd7 15. e5 c5 16. O-O-O cxd4 17. Nxd4 Be7 18. h4 Rhg8 19. e6 Be8 20. Nxf5
Rxd1+ 21. Rxd1 Bd8 22. e7 Bf7 23. Nxh6 Re8 24. exd8=R+ Rxd8 25. Rxd8+ Kxd8 26.
Nxf7+ Ke7 27. Ne5 Kf6 28. Ned3 a5 29. Kd2 b5 30. h5 Kg5 31. f3 c6 32. Ke3 b4 33.
Ne5 c5 34. Nd7 c4 35. Ne5 c3 36. b3 Kf5 37. Nc6 h6 38. Nxa5 Kg5 39. Nc6 1-0

[Event "Challenge"]
[Site "http://www.queenalice.com/game.php?id=592772"]
[Date "2009.5.23"]
[Round "-"]
[White "codcam"]
[Black "lnxslack"]
[Result "0-1"]
[WhiteElo "1246"]
[BlackElo "1310"]

1. e4 Nf6 2. Qf3 d5 3. e5 Ne4 4. Bb5+ c6 5. Bxc6+ Nxc6 6. c4 Nd4 7. Qd3 Qb6 8.
cxd5 Nc2+ 9. Kd1 Nxf2+ 10. Kxc2 Nxd3 11. Kxd3 Qf2 12. Ne2 Bf5+ 13. Kc4 Rc8+ 14.
Kb3 Qb6+ 15. Ka3 Qa5+ 16. Kb3 Bc2# 0-1

[Event "3"]
[Site "http://www.queenalice.com/game.php?id=593624"]
[Date "2009.5.25"]
[Round "-"]
[White "lnxslack"]
[Black "Mr_SPOCK"]
[Result "1-0"]
[WhiteElo "1359"]
[BlackElo "1548"]

1. e4 e5 2. Nf3 d6 3. Nc3 Nc6 4. Bb5 Bd7 5. d3 Nd4 6. Bc4 Qf6 7. Nd5 Qg6 8. Nh4
Bg4 9. Nxg6 Bxd1 10. Nxh8 Nxc2+ 11. Kxd1 Nxa1 12. Nxc7+ Ke7 13. Nxa8 Nf6 14. Nc7
g5 15. Bxg5 Bg7 16. Nxf7 h6 17. Nxh6 Kd7 18. Nb5 a6 19. Nc3 Ne8 20. Nf5 Bh8 21.
Kd2 b5 22. Bd5 b4 23. Ne2 Nc7 24. Bf7 d5 25. Rxa1 dxe4 26. dxe4 Nb5 27. Rd1 Kc6
28. Be8+ Kb6 29. Bd8+ Ka7 30. Ke3 Nd4 31. Nexd4 exd4+ 32. Nxd4 a5 33. Nb3 Bxb2
34. Rd6 a4 35. Nc5 Ba3 36. Bb6+ Kb8 37. Rd8# 1-0

[Event "4"]
[Site "http://www.queenalice.com/game.php?id=593625"]
[Date "2009.5.25"]
[Round "-"]
[White "Mr_SPOCK"]
[Black "lnxslack"]
[Result "0-1"]
[WhiteElo "1552"]
[BlackElo "1328"]

1. e4 Nf6 2. e5 Nd5 3. Bc4 Nb6 4. e6 Nxc4 5. exf7+ Kxf7 6. Qf3+ Ke8 7. Nh3 e6 8.
O-O Qf6 9. Nf4 Ne5 10. Qg3 Bd6 11. d4 Ng6 12. Nc3 Bxf4 13. Bxf4 Qxf4 14. Qh3
Qxd4 15. Rad1 Qh4 16. Qf3 Rf8 17. Qe2 a6 18. Ne4 Ne5 19. Rd4 Kd8 20. c3 Nbc6 21.
Ra4 b5 22. g3 Qh6 23. Rd4 Nf3+ 24. Qxf3 Rxf3 25. Kg2 Nxd4 26. h4 Bb7 27. cxd4
Bxe4 28. Kh3 g5 29. Kg2 gxh4 30. Rh1 Rxg3+ 31. Kf1 Qc1+ 32. Ke2 Bd3# 0-1

[Event "Challenge"]
[Site "http://www.queenalice.com/game.php?id=594172"]
[Date "2009.5.27"]
[Round "-"]
[White "lnxslack"]
[Black "GuaRDiaN"]
[Result "0-1"]
[WhiteElo "1460"]
[BlackElo "1788"]

1. e4 e5 2. Nf3 Nc6 3. Bb5 a6 4. Bxc6 dxc6 5. Nxe5 Qd4 6. Nf3 Qxe4+ 7. Qe2 Qxe2+
8. Kxe2 Nf6 9. Re1 Bg4 10. Kf1+ Kd7 11. Ne5+ Kc8 12. Nxf7 Rg8 13. f3 Bh5 14. Ng5
Bd6 15. g4 Bg6 16. d3 h6 17. Ne4 Nxe4 18. dxe4 Bxh2 19. f4 Bxf4 20. Nc3 Rf8 21.
Kg2 Be5 22. Na4 b6 23. Rb1 Kb7 24. Re2 Rae8 25. Bd2 Bd4 26. Rbe1 Bxe4+ 27. Rxe4
Rxe4 28. Rxe4 Rf2+ 29. Kg3 Rxd2 30. c3 Bf2+ 31. Kf3 b5 32. Rb4 c5 33. Rb3 c4 34.
Rb4 c5 0-1

[Event "Challenge"]
[Site "http://www.queenalice.com/game.php?id=594173"]
[Date "2009.5.27"]
[Round "-"]
[White "GuaRDiaN"]
[Black "lnxslack"]
[Result "1-0"]
[WhiteElo "1739"]
[BlackElo "1460"]

1. c4 e5 2. Nc3 Nf6 3. Nf3 Nc6 4. g3 Bc5 5. Bg2 h6 6. d3 Nd4 7. Nxe5 Qe7 8. Nf3
Nf5 9. O-O Bd4 10. Nxd4 Nxd4 11. e3 Ne6 12. d4 c6 13. e4 Ng5 14. f4 Ne6 15. e5
Ng8 16. f5 Ng5 17. h4 Nh7 18. Ne4 b6 19. Nd6+ Kd8 20. Qh5 Nhf6 21. Nxf7+ Kc7 22.
Qg6 Rh7 23. exf6 Nxf6 24. Bf4+ Kb7 25. Nd6+ Ka6 26. Rf3 b5 27. cxb5+ cxb5 28.
Ra3+ Kb6 29. Bxa8 Rh8 30. Rc1 Ba6 31. Ne8 b4 32. Bc7+ Kb5 33. Ra5# 1-0

[Event "Challenge"]
[Site "http://www.queenalice.com/game.php?id=594876"]
[Date "2009.5.28"]
[Round "-"]
[White "codcam"]
[Black "lnxslack"]
[Result "1-0"]
[WhiteElo "1232"]
[BlackElo "1457"]

1. e4 Nf6 2. Qf3 Nc6 3. c3 d5 4. d3 Bg4 5. Qf4 dxe4 6. h3 Bh5 7. g4 Bg6 8. dxe4
Nxe4 9. Bc4 Ng5 10. h4 Qd1+ 11. Kxd1 O-O-O+ 12. Nd2 Ne6 13. Qg3 Be4 14. f3 Bd5
15. b3 Nc5 16. Ne2 Bxc4 17. bxc4 e6 18. Ba3 Bd6 19. Qh3 Na5 20. Bxc5 Bxc5 21.
Kc2 Rd7 22. Nb3 Be3 23. f4 Nxc4 24. Ned4 Bxf4 25. Rhd1 Ne3+ 26. Kd3 b6 27. Qf3
e5 28. Qa8# 1-0

[Event "Round 5 :((("]
[Site "http://www.queenalice.com/game.php?id=595703"]
[Date "2009.5.30"]
[Round "-"]
[White "Mr_SPOCK"]
[Black "lnxslack"]
[Result "0-1"]
[WhiteElo "1529"]
[BlackElo "1415"]

1. e4 Nf6 2. d3 d5 3. e5 Ng4 4. Nf3 Nc6 5. d4 Bf5 6. Bb5 e6 7. Bg5 f6 8. exf6
gxf6 9. Bh4 Rg8 10. h3 Nh6 11. g4 Be4 12. g5 fxg5 13. Rg1 Be7 14. Nc3 gxh4 15.
Rxg8+ Nxg8 16. Ne5 Kf8 17. Qh5 Nxe5 18. Qxe5 Qd6 19. Qh5 Bxc2 20. Qf3+ Bf6 21.
Kd2 Bg6 22. Ne2 Ke7 23. Ke1 Rf8 24. Nf4 Qb4+ 25. Kf1 Qxb5+ 26. Kg1 Bxd4 27. Re1
Kd6 28. Rxe6+ Kd7 29. Qg4 Bf5 30. Qh5 Bxe6 31. Qxh7+ Ne7 32. Ng6 Bxf2+ 33. Kg2
Bxh3+ 34. Kxh3 Qd3+ 35. Kg4 Qf5# 0-1

[Event "Challenge"]
[Site "http://www.queenalice.com/game.php?id=595716"]
[Date "2009.5.30"]
[Round "-"]
[White "PioDeCuritiba"]
[Black "lnxslack"]
[Result "0-1"]
[WhiteElo "1400"]
[BlackElo "1446"]

1. c4 e5 2. Nc3 Nf6 3. g3 Bb4 4. e3 c6 5. Nge2 d5 6. cxd5 cxd5 7. Bg2 e4 8. O-O
Bg4 9. h3 Be6 10. Nf4 Nc6 11. a3 Bxc3 12. dxc3 Ne5 13. Nxe6 fxe6 14. f4 Nd3 15.
Qa4+ Qd7 16. Qxd7+ Nxd7 17. Rd1 O-O 0-1

[Event "Challenge"]
[Site "http://www.queenalice.com/game.php?id=596146"]
[Date "2009.5.31"]
[Round "-"]
[White "lnxslack"]
[Black "mpustil"]
[Result "1-0"]
[WhiteElo "1432"]
[BlackElo "1424"]

1. e4 Nc6 2. d4 d5 3. e5 f6 4. f4 Bf5 5. Bb5 Qd7 6. Be3 a6 7. Ba4 b5 8. Bb3 Nh6
9. h3 a5 10. Nc3 a4 11. Bxd5 b4 12. Bxc6 Qxc6 13. d5 Qb7 14. Nce2 O-O-O 15. c4
c6 16. Qxa4 cxd5 17. cxd5 Qxd5 18. Rc1+ Kb8 19. Qa7# 1-0

[Event "again??"]
[Site "http://www.queenalice.com/game.php?id=598140"]
[Date "2009.6.3"]
[Round "-"]
[White "lnxslack"]
[Black "lala"]
[Result "1-0"]
[WhiteElo "1460"]
[BlackElo "1532"]

1. e4 d5 2. e5 Nc6 3. d4 e6 4. Nc3 Nge7 5. f4 Nf5 6. Nf3 g6 7. Bb5 Bg7 8. g4 Nh4
9. Be3 O-O 10. Bxc6 Ng2+ 11. Kf2 Nxe3 12. Kxe3 bxc6 13. g5 Ba6 14. b4 Rb8 15. a3
c5 16. bxc5 c6 17. Nd2 Rb2 18. Nb3 Bc4 19. Qc1 Rxb3 20. cxb3 Bxb3 21. Qb2 Bc4
22. a4 a5 23. Qb6 Qc8 24. Qxa5 Qb8 25. Rab1 Bb3 26. Nb5 Bc2 27. Rb2 Be4 28. Rc1
cxb5 29. axb5 f6 30. gxf6 Bh6 31. c6 g5 32. c7 gxf4+ 33. Kf2 Qc8 34. b6 f3 35.
Rc3 1-0

[Event "escorando"]
[Site "http://www.queenalice.com/game.php?id=599462"]
[Date "2009.6.6"]
[Round "-"]
[White "lnxslack"]
[Black "kabbal"]
[Result "0-1"]
[WhiteElo "1479"]
[BlackElo "1968"]

1. e4 e6 2. d4 d5 3. e5 c5 4. Nf3 Nc6 5. Bb5 Bd7 6. Nc3 cxd4 7. Bxc6 dxc3 8.
Bxd7+ Qxd7 9. bxc3 Rc8 10. Bb2 Nh6 11. Nd4 Qc7 12. f4 Bc5 13. Nb3 Nf5 14. Nxc5
Qxc5 15. Qf3 Qe3+ 16. Qxe3 Nxe3 17. Kf2 Nc4 18. Bc1 O-O 19. Rb1 b6 20. Rb3 Na5
21. Ra3 Rc4 22. Bd2 Rfc8 23. Rb1 d4 24. cxd4 Rxc2 25. Ke1 Rxd2 26. Rxa5 Rxg2 27.
Kf1 Rxh2 28. Kg1 bxa5 29. Kxh2 h5 30. Kg3 Rc2 31. Rb7 Rxa2 32. Rxa7 a4 33. Kh4
g6 34. Kg5 Kg7 35. d5 Rg2+ 36. Kh4 Rg4+ 37. Kh3 exd5 38. e6 Rxf4 39. e7 Re4 40.
Rxa4 Rxe7 41. Rd4 Re5 42. Kg3 g5 43. Kf3 Kf6 44. Rb4 h4 45. Rd4 Ke6 46. Rg4 f6
47. Rd4 f5 48. Rb4 g4+ 49. Kf2 Re4 50. Rb6+ Ke5 51. Rh6 h3 52. Rh8 Kf4 53. Kf1
Kf3 54. Rf8 f4 55. Kg1 Rd4 56. Rd8 g3 0-1